<?xml version="1.0" encoding="UTF-8"?>
<collection xmlns:xsi="http://www.w3.org/2001/XMLSchema-instance" xsi:schemaLocation="http://www.loc.gov/MARC21/slim http://www.loc.gov/standards/marcxml/schema/MARC21slim.xsd" xmlns="http://www.loc.gov/MARC21/slim">
 <record>
  <leader>00000cam a22000004i 4500</leader>
  <controlfield tag="001">UP-1685594773861831954</controlfield>
  <controlfield tag="003">Buklod</controlfield>
  <controlfield tag="005">20110513105504.0</controlfield>
  <controlfield tag="006">g||| |     ||   ||</controlfield>
  <controlfield tag="007">ta</controlfield>
  <controlfield tag="008">110513s2004    xx     d     r    |||| u|</controlfield>
  <datafield tag="020" ind1=" " ind2=" ">
   <subfield code="a">971928465X</subfield>
  </datafield>
  <datafield tag="035" ind1=" " ind2=" ">
   <subfield code="a">(iLib)UPBAG-00008445503</subfield>
  </datafield>
  <datafield tag="040" ind1=" " ind2=" ">
   <subfield code="a">BAG</subfield>
   <subfield code="e">rda</subfield>
  </datafield>
  <datafield tag="041" ind1="0" ind2=" ">
   <subfield code="a">eng</subfield>
  </datafield>
  <datafield tag="090" ind1=" " ind2="0">
   <subfield code="a">GN 380</subfield>
   <subfield code="b">B49</subfield>
  </datafield>
  <datafield tag="245" ind1="0" ind2="0">
   <subfield code="a">Beyond the silencing of the guns</subfield>
   <subfield code="c">edited by Chandra K. Roy, Victoria Tauli-Corpuz and Amanda Romero-Medina.</subfield>
  </datafield>
  <datafield tag="264" ind1=" " ind2="1">
   <subfield code="a">Baguio City</subfield>
   <subfield code="b">Tebtebba Foundation</subfield>
   <subfield code="c">[2004]</subfield>
  </datafield>
  <datafield tag="300" ind1=" " ind2=" ">
   <subfield code="a">xv, 315 pages</subfield>
   <subfield code="b">illustrations, maps</subfield>
   <subfield code="c">23 cm</subfield>
  </datafield>
  <datafield tag="336" ind1=" " ind2=" ">
   <subfield code="a">text</subfield>
   <subfield code="2">rdacontent</subfield>
  </datafield>
  <datafield tag="337" ind1=" " ind2=" ">
   <subfield code="a">unmediated</subfield>
   <subfield code="2">rdamedia</subfield>
  </datafield>
  <datafield tag="338" ind1=" " ind2=" ">
   <subfield code="a">volume</subfield>
   <subfield code="2">rdacarrier</subfield>
  </datafield>
  <datafield tag="504" ind1=" " ind2=" ">
   <subfield code="a">Includes bibliographical references.</subfield>
  </datafield>
  <datafield tag="505" ind1="0" ind2=" ">
   <subfield code="a">Acknowledgements -- Preface -- Overview -- In search of peace in the Chittagong hill tracts, Bangladesh / Eleonor P. Dictaan-Bangoa -- Poverty and participation mechanisms of indigenous peoples: lessons from conflict-driven struggles in Bolivia / Luz Beatriz Gaviria V. -- Conflict prevention and resolution in Colombia: empowering indigenous communities in the Sierra Nevada and Perija / Rosa Salamanca -- Codes of conduct as mechanisms of conflict prevention and resolution: the Secoya-Occidental negotiations in Ecuador /Paulina Garzon -- The Guatemala peace agreements of 1996: a case study / Eleonor P. Dictaan-Bang-oa and Jack G.L. Mendoza -- Conflict resolution and gender in Mexico: the role of women in the attainment of indigenous peoples' autonomy / Nellys Palomo Sanchez, Jack G.L. Medrana and Eleonor P. Dictaan-Bang-ao -- The question of peace in Mndanao, Southern Philippines / Eleonor P. Dictaan-Bang-ao -- Gold mining and indigenous conflict in Peru: lessons from Amarakaeri actions in Madre de Dios / Maria Bedoya -- The land claim of the !Khomani san of South Africa / Roger Chennels -- The struggle  over the Electric transmission line to Brazil: lessons from the indigenous conflict in the South of Venezuela / Claudia Rodriguez -- Synthesis and reflections / Victoria Tauli-Corpuz -- Challenges and ways forward / Victoria Tauli-Corpuz -- List of acronyms.</subfield>
  </datafield>
  <datafield tag="650" ind1=" " ind2="0">
   <subfield code="a">Indigenous peoples</subfield>
   <subfield code="x">Social conditions</subfield>
   <subfield code="v">Case studies.</subfield>
  </datafield>
  <datafield tag="650" ind1=" " ind2="0">
   <subfield code="a">Conflict management</subfield>
   <subfield code="v">Case studies.</subfield>
  </datafield>
  <datafield tag="650" ind1=" " ind2="0">
   <subfield code="a">Peace-building</subfield>
   <subfield code="v">Case studies.</subfield>
  </datafield>
  <datafield tag="700" ind1="1" ind2=" ">
   <subfield code="a">Roy, Chandra K.</subfield>
   <subfield code="e">editor.</subfield>
  </datafield>
  <datafield tag="700" ind1="1" ind2=" ">
   <subfield code="a">Corpuz, Victoria Tauli.</subfield>
   <subfield code="e">editor.</subfield>
  </datafield>
  <datafield tag="700" ind1="1" ind2=" ">
   <subfield code="a">Medina, Amanda Romero.</subfield>
   <subfield code="e">editor.</subfield>
  </datafield>
  <datafield tag="905" ind1=" " ind2=" ">
   <subfield code="a">FI</subfield>
  </datafield>
  <datafield tag="852" ind1="0" ind2=" ">
   <subfield code="a">UPBAG</subfield>
   <subfield code="b">UPBAG-MAIN</subfield>
   <subfield code="h">GN 380 B49</subfield>
  </datafield>
  <datafield tag="942" ind1=" " ind2=" ">
   <subfield code="a">Book</subfield>
  </datafield>
 </record>
</collection>
